Capitalism, Health and Wellbeing Rethinking Economic Growth for a Healthier, Sustainable Future
Guardado en:
| Autor principal: | |
|---|---|
| Formato: | Libro |
| Lenguaje: | inglés |
| Publicado: |
Leeds
Emerald Publishing
2024
|
| Edición: | 1st Edition |
| Materias: | |
| Etiquetas: |
Sin Etiquetas, Sea el primero en etiquetar este registro!
|
MARC
| LEADER | 00000nam a2200000 4500 | ||
|---|---|---|---|
| 001 | 0311439 | ||
| 005 | 20250818114333.8 | ||
| 020 | |a 978-1-83797-897-7 | ||
| 041 | 0 | |a eng | |
| 044 | |a GB | ||
| 245 | 1 | 0 | |a Capitalism, Health and Wellbeing |b Rethinking Economic Growth for a Healthier, Sustainable Future |c by Rob Noonan |
| 250 | |a 1st Edition | ||
| 264 | 1 | |a Leeds |b Emerald Publishing |c 2024 | |
| 300 | |a 191 s. | ||
| 500 | |a Emerald e-books. | ||
| 610 | 2 | 0 | |a rast hospodársky |
| 610 | 2 | 0 | |a rozvoj trvalo udržateľný |
| 610 | 2 | 0 | |a nerovnosť príjmová |
| 610 | 2 | 0 | |a blahobyt |
| 100 | 1 | |a Noonan, Rob | |